000 00337nam a22001457a 4500
003 OSt
020 _a0195612396
040 _c0
082 _222
_a691
100 _aHowell,John.
245 _aRoad side bio engineering 'site Handbook ./
260 _bDept od road Nepal,
_cc 1999
300 _a216,p, ;
_bNA
_c24 cm,.
942 _2ddc
_cCIVIL
999 _c4654
_d4654